| 000 | 00687nam a2200241 i 4500 | ||
|---|---|---|---|
| 001 | bg | ||
| 100 | 1 |
_aKieżun, Witold _d(1922- ). |
|
| 245 | 1 | 0 |
_aOrganizacja pracy własnej dyrektora / _cWitold Kieżun. |
| 250 | _aWyd. 3 rozsz. | ||
| 260 |
_aWarszawa : _bPaństwowe Wydawnictwo Ekonomiczne, _c1979. |
||
| 300 |
_a186, [2] s. : _bil. ; _c20 cm. |
||
| 490 | 1 | _aBiblioteka Kadr Kierowniczych | |
| 504 | _aBibliogr. s. 183-186. | ||
| 650 | 9 | _aMenedżerowie | |
| 650 | 9 |
_aPraca _xorganizacja |
|
| 830 | 0 | _aBiblioteka Kadr Kierowniczych | |
| 040 | _cBPK | ||
| 041 | 0 | _apol | |
| 044 | _aPOL | ||
| 080 | _a658.3-057.17 | ||
| 942 | _cKS | ||
| 008 | 100820s1979 pl a |000 0 pol | ||
| 999 |
_c49608 _d49608 |
||
| 856 |
_uhttp://koha.tu.koszalin.pl/cgi-bin/koha/opac-detail.pl?biblionumber=49608 _yKatalog online BPK |
||